00333nam a2200121Ia 4500008004100000041000800041082001600049100002100065245004400086260004400130300003000174365000700204240624s9999 xx 000 0 und d aeng a658.311 MCM aMCMAHON GERARD V aRECRUITMENT AND SELECTION HOW TO GET IT c2007aNew DelhibPrentice-Hall of India aix, : 175 : p. : cm. ; 22 cRS